MARC details
| 000 -CABECERA |
| campo de control de longitud fija |
01480nam a2200277 a 4500 |
| 001 - NÚMERO DE CONTROL |
| campo de control |
000008224 |
| 005 - FECHA Y HORA DE LA ÚLTIMA TRANSACCIÓN |
| campo de control |
20200929154505.0 |
| 008 - DATOS DE LONGITUD FIJA--INFORMACIÓN GENERAL |
| campo de control de longitud fija |
090915s2006 dr ad 001 0 spa d |
| 040 ## - FUENTE DE LA CATALOGACIÓN |
| Centro catalogador/agencia de origen |
DO-SdBNP |
| Lengua de catalogación |
spa |
| Centro/agencia transcriptor |
BNPHU |
| 082 ## - NÚMERO DE LA CLASIFICACIÓN DECIMAL DEWEY |
| Número de clasificación |
660.6 |
| Número de documento/Ítem |
C748m |
| 111 2# - ENTRADA PRINCIPAL--NOMBRE DE CONGRESO/REUNIÓN |
| Nombre de congreso/reunión o jurisdicción como elemento de entrada |
Conferencia internacional sobre organismos genéticamente modificados (Transgénicos) |
| Número del congreso/reunión o número de parte o sección |
(1a. : |
| Fecha del congreso/reunión |
2005 jun. 2-3 : |
| Sede del congreso/Lugar de la reunión |
Santo Domingo) |
| 9 (RLIN) |
22295 |
| 245 10 - MENCIÓN DE TÍTULO |
| Título |
Memoria : |
| Resto del título |
transgénicos en Santo Domingo / |
| Mención de responsabilidad, etc. |
presentación Sonia Vásquez ; edición Andrea Brechelt. |
| 246 03 - FORMA VARIANTE DE TÍTULO |
| Título propio/Titulo breve |
Transgénicos en Santo Domingo |
| 260 ## - PUBLICACIÓN, DISTRIBUCIÓN, ETC. |
| Lugar de publicación, distribución, etc. |
Santo Domingo : |
| Nombre del editor, distribuidor, etc. |
FAMA, |
| Fecha de publicación, distribución, etc. |
2006. |
| 300 ## - DESCRIPCIÓN FÍSICA |
| Extensión |
151 p. : |
| Otras características físicas |
il. ; |
| Dimensiones |
22 cm. |
| 500 ## - NOTA GENERAL |
| Nota general |
Incluye bibliografía y notas al pie de páginas. |
| 505 0# - NOTA DE CONTENIDO CON FORMATO |
| Título |
La situación actual de los transgénicos en América Latina -- |
| -- |
Los transgénicos y la agricultura orgánica -- |
| -- |
La situación actual de la investigación sobre los transgénicos en la República Dominicana -- |
| -- |
Marco jurídico de los transgénicos en la República Dominicana -- |
| -- |
Declaración final: Declaración de Santo Domingo. |
| 590 ## - NOTA LOCAL (RLIN) |
| Nota local |
Inventariado, 2018/ YL |
| 650 #4 - PUNTO DE ACCESO ADICIONAL DE MATERIA--TÉRMINO DE MATERIA |
| Término de materia o nombre geográfico como elemento de entrada |
Alimentos transgénicos |
| Subdivisión general |
Congresos,conferencias,etc. |
| 9 (RLIN) |
22296 |
| 650 #4 - PUNTO DE ACCESO ADICIONAL DE MATERIA--TÉRMINO DE MATERIA |
| Término de materia o nombre geográfico como elemento de entrada |
Ingeniería genética |
| 9 (RLIN) |
22297 |
| 650 #4 - PUNTO DE ACCESO ADICIONAL DE MATERIA--TÉRMINO DE MATERIA |
| Término de materia o nombre geográfico como elemento de entrada |
Biotecnología |
| Subdivisión general |
Congresos,conferencias,etc. |
| 9 (RLIN) |
22298 |
| 700 1# - PUNTO DE ACCESO ADICIONAL--NOMBRE DE PERSONA |
| Nombre de persona |
Vásquez, Sonia, |
| Término indicativo de función/relación |
present. |
| 9 (RLIN) |
22299 |
| 700 1# - PUNTO DE ACCESO ADICIONAL--NOMBRE DE PERSONA |
| Nombre de persona |
Brechelt, Andrea, |
| Término indicativo de función/relación |
ed. |
| 9 (RLIN) |
22300 |
| 710 2# - PUNTO DE ACCESO ADICIONAL--NOMBRE DE ENTIDAD CORPORATIVA |
| Nombre de entidad corporativa o nombre de jurisdicción como elemento de entrada |
Fundación Agricultura y Medio Ambiente (FAMA) |
| 9 (RLIN) |
22301 |
| 910 ## - DATOS DE OPCIÓN DEL USUARIO (OCLC) |
| Datos de opción del usuario |
Validado. Control de calidad EMS |